| 000 | 00827nam a2200253 a 4500 | ||
|---|---|---|---|
| 001 | BRCA_1026 | ||
| 005 | 20190320203240.0 | ||
| 008 | 870730s1985 sw-a---##b---f001-0#eng-# | ||
| 020 | _a9152001709 | ||
| 041 | _aeng | ||
| 044 | _asw | ||
| 050 | 4 |
_aNK1461.A1 _b.D47 1985 |
|
| 245 | 1 | 0 |
_aDesign in Sweden _ceditor Monica Boman ; associate editor Bertil Lundgren ; translation Roger G. Tanner. |
| 260 |
_aSuecia _bSwedish Institute _cc1985 |
||
| 300 |
_a142 p. _bil. (algunas a color) _c24 cm. |
||
| 500 | _aIncluye índice alfabético | ||
| 504 | _aBibliografía: p. 139 | ||
| 650 | 1 | 4 |
_aDiseño _xHistoria _ySiglo XX _zSuecia _93376 |
| 650 | 1 | 4 |
_aDiseño industrial _xHistoria _ySiglo XX _zSuecia _93377 |
| 700 | 1 |
_aBoman, Monica _93378 |
|
| 700 | 1 |
_aLungdgren, Bertil _93379 |
|
| 700 | 1 |
_aTanner, Roger G _93380 |
|
| 942 |
_2lcc _cB |
||
| 999 |
_c906 _d906 |
||